Normal view
MARC view
Entry Topical Term
001 - CONTROL NUMBER
- control field: 4416
003 - CONTROL NUMBER IDENTIFIER
- control field: ARRUPE
005 - DATE AND TIME OF LATEST TRANSACTION
- control field: 20131129120607.0
008 - FIXED-LENGTH DATA ELEMENTS
- fixed length control field: 131129|| aca||aabn | a|a d
040 ## - CATALOGING SOURCE
- Original cataloging agency: ARRUPE
- Transcribing agency: ARRUPE
150 ## - HEADING--TOPICAL TERM
- Topical term or geographic name as entry element: Mount Kilimanjaro - Description & travel
670 ## - SOURCE DATA FOUND
- Source citation: Work cat.: (ARRUPE): National Park Service, US 4415, Kilimanjaro, 1967